Hodnotenie podnikateľského prostredia SR na základe indexov CGI a WCY
Ohodnotenie Slovenska ako najreformnejšej krajiny na svete v zlepšovaní investičného prostredia. Hodnotenie podnikateľského prostredia v SR. Redukcia a regulácia bariér a uľahčenie podmienok podnikania. Top 20 krajín s najlepším podnikateľským prostredím v r. 2005. 41. miesto Slovenska podľa indexu...
Gespeichert in:
| 1. Verfasser: | |
|---|---|
| Format: | Buchkapitel |
| Sprache: | Slowakisch |
| Schlagworte: | |
| Tags: |
Keine Tags, Fügen Sie das erste Tag hinzu!
|
MARC
| LEADER | 00000naa$a2200000$$$4500 | ||
|---|---|---|---|
| 001 | 0064582 | ||
| 005 | 20240502071745.9 | ||
| 041 | 0 | |a slo | |
| 044 | |a SK | ||
| 245 | 1 | 0 | |a Hodnotenie podnikateľského prostredia SR na základe indexov CGI a WCY |c Tomáš Ďuriš |
| 520 | |a Ohodnotenie Slovenska ako najreformnejšej krajiny na svete v zlepšovaní investičného prostredia. Hodnotenie podnikateľského prostredia v SR. Redukcia a regulácia bariér a uľahčenie podmienok podnikania. Top 20 krajín s najlepším podnikateľským prostredím v r. 2005. 41. miesto Slovenska podľa indexu rastu konkurencieschopnosti (GCI index). Podobne sa Slovensko umiestnilo aj podľa World competitiveness yearbook (WCY). Fínsko jednotkou v hodnotení rastovej konkurencieschopnosti. Hodnotenie krajín podľa Indexu ekonomickej slobody. Závislosť prosperity krajiny od ekonomickej slobody. | ||
| 610 | 2 | 0 | |a prostredie podnikateľské |
| 610 | 2 | 0 | |a makroekonomika |
| 610 | 2 | 0 | |a konkurencieschopnosť |
| 610 | 2 | 0 | |a podnikanie |
| 610 | 2 | 0 | |a výdavky verejné |
| 610 | 2 | 0 | |a reformy |
| 610 | 2 | 0 | |a prosperita ekonomická |
| 610 | 2 | 0 | |a Slovensko |
| 100 | 1 | |a Ďuriš, Tomáš | |